00529nam a2200169 a 450000100060000000300090000600800410001502000150005604000280007108200160009910000260011524500720014126000320021330000080024565000500025365000560030314280CO-ViMGA141112s2004 ck r 000 u spa d a9589662943 aCO-ViMGAbspacCO-ViMGA04a986.1 A835e1 aAbello G., Claudia E.10aEl encanto de un barrio cartagenero : bhistoria del pie de la popa aMedellin : bLealon, c1999 a40014aCARTAGENA (COLOMBIA) - HISTORIA - 1600 - 199914aPIE DE LA POPA (CARTAGENA) - HISOTRIA - 1600 - 1999